| 000 | 00681nam a22001937a 4500 | ||
|---|---|---|---|
| 003 | OSt | ||
| 005 | 20251204104725.0 | ||
| 008 | 251204b |||||||| |||| 00| 0 eng d | ||
| 020 | _a1-86094-294-6(pbk) | ||
| 040 |
_aDWC-Main lib _cOC |
||
| 082 | _aCirc. 341.7 Sp736 | ||
| 100 | _aSpar, D. | ||
| 245 |
_aManaging international trade and investment (Casebook) _cSpar, Debora L. |
||
| 260 |
_aLondon : _bImperial College Press, _c [200?]. |
||
| 300 |
_aviii, 459 pages : _billustration ; _c28 cm. |
||
| 650 | _2Investments, Foreign - Law and legislation. | ||
| 650 | _2Foreign trade regulation. | ||
| 942 |
_2ddc _cBK-CIRC _hCirc. 341.7 Sp736 _kCirc. _n0 |
||
| 999 |
_c6812 _d6812 |
||